000 00637nam a22002057a 4500
999 _c5541
_d5541
003 GBCCL
005 20241126110544.0
008 180326b ||||| |||| 00| 0 eng d
020 _a0882706101
040 _cgbc
082 _a261.832292
_bDRE
100 _aDrews, Toby Rice
_910000
245 _aThe 250 secondary diseases/disorders to Alcoholism /
_cToby Rice Drews
260 _aSouth Plainfield:
_bBridge Publishing, Inc.,
_c1985
300 _a45 p.;
_c21 cm.
650 _aAlcoholics
_vFamily Relationships
_910001
650 _aAlcohol
_vPhysiological effect
_910002
650 _aAlcoholism
_vComplications
_910003
942 _2ddc
_cBK